Länder, die einen Buchstaben enthalten - O - Statistiken

Allgemein
  • Dieses Quiz wurde 1.501 mal gespielt
  • Das Durchschnittsergebnis liegt bei 41 aus 57
Antwortstatistiken
Hinweis Land % Korrekt
1 x O Oman
91%
1 x O Norwegen
90%
1 x O Österreich
88%
1 x O Portugal
88%
1 x O Polen
87%
3 x O Demokratische Republik Kongo
85%
2 x O Republik Kongo
85%
2 x O Nordkorea
84%
2 x O Marokko
83%
2 x O Togo
82%
1 x O Bolivien
81%
1 x O Kolumbien
80%
1 x O Dominikanische Republik
79%
2 x O Mongolei
79%
1 x O Slowenien
79%
3 x O Kosovo
78%
1 x O Slowakei
78%
2 x O Bosnien und Herzegowina
77%
2 x O Monaco
77%
1 x O Andorra
76%
1 x O Angola
75%
1 x O Mexiko
75%
1 x O Indonesien
74%
2 x O Lesotho
74%
2 x O Nordmazedonien
74%
2 x O Osttimor
74%
1 x O Somalia
74%
1 x O Südkorea
74%
2 x O Montenegro
73%
1 x O Honduras
72%
1 x O Jordanien
72%
1 x O Kroatien
72%
1 x O Vereinigtes Königreich
72%
1 x O Moldawien
71%
1 x O San Marino
71%
1 x O Botswana
70%
1 x O Dominica
69%
1 x O Costa Rica
68%
3 x O Föderierte Staaten von Mikronesien
68%
2 x O Komoren
68%
1 x O Laos
68%
1 x O Mosambik
68%
1 x O Tonga
67%
2 x O Trinidad und Tobago
66%
1 x O Georgien
65%
1 x O Kambodscha
63%
1 x O Ecuador
61%
2 x O São Tomé und Príncipe
61%
1 x O Äthiopien
60%
1 x O Libanon
60%
1 x O Samoa
60%
1 x O Barbados
58%
2 x O Salomonen
58%
1 x O Äquatorial-Guinea
56%
1 x O Burkina Faso
56%
1 x O El Salvador
54%
1 x O Sierra Leone
49%
Keine übereinstimmenden Quizze gefunden
Verteilung der Resultate
Anzahl Personen mit jedem Resultat
Perzentil nach korrekt beantworteten Fragen
Ihre Resultats-Entwicklung
Sie haben dieses Quiz noch nicht gespielt